000 01363nam a2200337Ia 4500
001 ebr10631734
003 CaPaEBR
006 m u
007 cr cn|||||||||
008 111005s2011 enkab sb 001 0 eng d
010 _z 2011500179
020 _z1906876118 (hbk.)
020 _z9781906876111 (hbk.)
020 _z9789004212749 (ebook)
040 _aCaPaEBR
_cCaPaEBR
035 _a(OCoLC)813175961
050 1 4 _aBL1812.S45
_bH36 2011eb
100 1 _aHangartner, Judith.
245 1 4 _aThe constitution and contestation of Darhad Shaman's power in contemporary Mongolia
_h[electronic resource] /
_cby Judith Hangartner.
260 _aFolkestone, UK :
_bGlobal Oriental,
_c2011.
300 _axiv, 360 p. :
_bill., maps.
490 1 _aInner Asia series ;
_v. 5
504 _aIncludes bibliographical references (p. [335]-355) and index.
533 _aElectronic reproduction.
_bPalo Alto, Calif. :
_cebrary,
_d2013.
_nAvailable via World Wide Web.
_nAccess may be limited to ebrary affiliated libraries.
650 0 _aShamanism
_zMongolia.
650 0 _aShamans
_zMongolia
_xSocial conditions.
655 7 _aElectronic books.
_2local
710 2 _aebrary, Inc.
830 0 _aInner Asia series ;
_vv. 5.
856 4 0 _uhttp://site.ebrary.com/lib/rucke/Doc?id=10631734
_zAn electronic book accessible through the World Wide Web; click to view
999 _c71749
_d71749